[Event "Open A"]
[Site "Polanica Zdroj POL"]
[Date "2007.08.22"]
[Round "6"]
[White "Przezdziecka,M"]
[Black "Litwin,J"]
[Result "1-0"]
[WhiteElo "2315"]
[BlackElo "2198"]

1.d4 d5 2.Nf3 Nf6 3.c4 c6 4.Nc3 dxc4 5.a4 Bf5 6.Ne5 Nbd7 7.Nxc4 Qc7 8.g3 e5
9.dxe5 Nxe5 10.Bf4 Nfd7 11.Bg2 g5 12.Ne3 gxf4 13.Nxf5 Ng6 14.Qc2 O-O-O 15.a5 a6
16.O-O Kb8 17.Rfc1 Qe5 18.e3 fxe3 19.Nxe3 Bh6 20.Ng4 Qg5 21.Nxh6 Qxh6 22.Ne4 Nge5
23.Rd1 Nf6 24.Nc5 Nfd7 25.Nxb7 Kxb7 26.f4 Qe6 27.fxe5 Nxe5 28.Re1 f6 29.Qf2 Ka8
30.Qb6 Rd6 31.Qxa6+ Kb8 32.Qb6+ Ka8 33.Rac1 Rc8 34.b4 Qe7 35.b5 Qa7 36.Rxe5 fxe5
37.Bxc6+ Rcxc6 38.bxc6 e4 39.Qxa7+ Kxa7 40.c7  1-0

[Event "1st Serbian League Men"]
[Site "Zlatibor SRB"]
[Date "2007.08.23"]
[Round "3"]
[White "Antic,De"]
[Black "Solak,D"]
[Result "1/2-1/2"]
[WhiteElo "2468"]
[BlackElo "2566"]

1.d4 d5 2.c4 c6 3.Nf3 Nf6 4.Nc3 dxc4 5.a4 Bf5 6.e3 e6 7.Bxc4 Nbd7 8.O-O Bb4
9.Qe2 Bg4 10.h3 Bxf3 11.Qxf3 O-O 12.Rd1 e5 13.Bd2 Qa5 14.Be1 Rad8 15.Bb3 exd4
16.exd4 Nb6 17.Rd3 Rd7 18.Rad1 Rfd8 19.Re3 Nbd5 20.Re5 Qb6 21.Nxd5 Nxd5 22.Bxb4 Qxb4
23.Rde1 Nf6 24.Qc3 Qxd4 25.Qxd4 Rxd4 26.Re7 R4d7 27.Bxf7+ Kf8 28.Rxd7 Rxd7
29.Bc4  1/2-1/2

[Event "ch-ISL"]
[Site "Reykjavik ISL"]
[Date "2007.08.31"]
[Round "4"]
[White "Thorfinnsson,Br"]
[Black "Arngrimsson,D"]
[Result "0-1"]
[WhiteElo "2389"]
[BlackElo "2316"]

1.d4 d5 2.Nf3 Nf6 3.c4 c6 4.Nc3 dxc4 5.a4 Bf5 6.Nh4 e6 7.Nxf5 exf5 8.e3 Bd6
9.Bxc4 O-O 10.Qc2 g6 11.O-O Re8 12.Rd1 Qe7 13.g3 Nbd7 14.Bf1 h5 15.Bg2 h4
16.a5 Ng4 17.e4 Kg7 18.e5 hxg3 19.hxg3 Ndxe5 20.dxe5 Bc5 21.Rf1 Qxe5 22.Bf4 Qe7
23.a6 g5 24.Qxf5 Nxf2 25.Rxf2 Bxf2+ 26.Kxf2 gxf4 27.Ne4 fxg3+ 28.Kxg3 bxa6
29.Qg4+ Kf8 30.Rf1 Qe5+ 31.Rf4 Re6 32.Qf3 Rd8 33.Qa3+ Ke8 34.Qxa6 Rg6+ 35.Kf3 Rxg2
36.Nf6+ Kf8 37.Qc4 Rg7 38.Ne4 Qh5+ 39.Kf2 Qh2+ 40.Ke3 Qg1+ 41.Kf3 Qd4 42.Qxc6 Qd1+
43.Kf2 Rd2+  0-1

[Event "LNA Copa Puma"]
[Site "Argentina ARG"]
[Date "2007.09.01"]
[Round "4"]
[White "Hungaski,R"]
[Black "Felgaer,R"]
[Result "0-1"]
[WhiteElo "2399"]
[BlackElo "2559"]

1.d4 d5 2.c4 c6 3.Nf3 Nf6 4.Nc3 dxc4 5.a4 Bf5 6.e3 e6 7.Bxc4 Bb4 8.O-O O-O
9.Qe2 Bg6 10.Ne5 Nbd7 11.Nxg6 hxg6 12.Na2 Ba5 13.Rd1 Qe7 14.b4 Bc7 15.e4 e5
16.d5 cxd5 17.Bxd5 Nxd5 18.Rxd5 Nb6 19.Rd3 Nxa4 20.Ra3 Nb6 21.Be3 Rfc8 22.Bc5 Bd6
23.Bxb6 axb6 24.Rxa8 Rxa8 25.Rb1 Qc7 26.g3 b5 27.Qd2 Bf8 28.Rb2 Qc4 29.Qe2 Rc8
30.Kf1 Be7 31.h4 Bd8 32.Kg2 Bb6 33.Qxc4 bxc4 34.Rc2 Bd4 35.b5 c3 36.Kf3 Rc5
37.Ke2 Rxb5 38.Nxc3 Rc5 39.Kd3 Kf8 40.f4 Rxc3+ 41.Rxc3 Bxc3 42.Kxc3 exf4
43.gxf4 Kg8  0-1

[Event "60th ch-RUS Higher League"]
[Site "Krasnoyarsk RUS"]
[Date "2007.09.03"]
[Round "1"]
[White "Makarov,M"]
[Black "Vitiugov,N"]
[Result "1/2-1/2"]
[WhiteElo "2518"]
[BlackElo "2608"]

1.d4 d5 2.c4 c6 3.Nf3 Nf6 4.Nc3 dxc4 5.a4 Bf5 6.e3 e6 7.Bxc4 Bb4 8.O-O Nbd7
9.Qe2 Bg4 10.h3 Bh5  1/2-1/2

[Event "60th ch-RUS Higher League"]
[Site "Krasnoyarsk RUS"]
[Date "2007.09.03"]
[Round "1"]
[White "Korotylev,A"]
[Black "Panarin,M"]
[Result "1-0"]
[WhiteElo "2616"]
[BlackElo "2529"]

1.d4 d5 2.c4 c6 3.Nc3 Nf6 4.Nf3 dxc4 5.a4 Bf5 6.e3 e6 7.Bxc4 Bb4 8.Ne5 Nbd7
9.Nxd7 Qxd7 10.Qb3 a5 11.O-O O-O 12.Rd1 Qc7 13.f3 e5 14.dxe5 Qxe5 15.e4 Bg6
16.Ne2 Bxe4 17.fxe4 Ng4 18.Bf4 Qc5+ 19.Rd4 Rad8 20.Rd1 Rxd4 21.Rxd4 Qa7 22.Kf1 b5
23.axb5 Bc5 24.Rd1 Nf2 25.bxc6 Nxd1 26.Qxd1 Qe7 27.Bd5 g5 28.Bg3 Qf6+ 29.Ke1 h5
30.Qc2 Bb4+ 31.Nc3 a4 32.Ke2 a3 33.Nd1 Bd6 34.bxa3 h4 35.Bxd6 Qxd6 36.Qd2 Qe5
37.Nf2 Rb8 38.Nd3 Qxh2 39.Qxg5+ Kf8 40.Qf6 Qxg2+ 41.Nf2 Qg6 42.c7  1-0

[Event "60th ch-RUS Higher League"]
[Site "Krasnoyarsk RUS"]
[Date "2007.09.08"]
[Round "5"]
[White "Vitiugov,N"]
[Black "Najer,E"]
[Result "1-0"]
[WhiteElo "2608"]
[BlackElo "2623"]

1.d4 d5 2.c4 c6 3.Nf3 Nf6 4.Nc3 dxc4 5.a4 Bf5 6.Ne5 Nbd7 7.Nxc4 Qc7 8.Qd2 Nb6
9.Ne3 Bg6 10.a5 Nbd5 11.g3 e6 12.Bg2 Nxe3 13.Qxe3 a6 14.O-O Bb4 15.Qe5 Qxe5
16.dxe5 Nd5 17.Bd2 O-O-O 18.e4 Nc7 19.Be3 Rd3 20.Rfc1 h6 21.Bf1 Rd7 22.f3 Kb8
23.Kf2 Rhd8 24.Be2 h5 25.h4 f6 26.exf6 gxf6 27.Na4 e5 28.Nb6 Rh7 29.Rd1 Rxd1
30.Rxd1 Ne6 31.Nd7+ Kc8 32.Bc4 Re7 33.Nxf6 Bxa5 34.Rd7 Rf7 35.Rxf7 Bxf7 36.Nxh5 Kd7
37.Ng7 b5 38.Bxe6+ Bxe6 39.Bc5 Bb3 40.h5 Bd2 41.Be3 Bb4 42.h6 Bg8 43.f4 exf4
44.gxf4 Bf8 45.f5 Bxg7 46.hxg7 Ke7 47.b4  1-0

[Event "4th LGA Premium Cup"]
[Site "Nuernberg GER"]
[Date "2007.09.08"]
[Round "5"]
[White "Peralta,Fe"]
[Black "Hector,J"]
[Result "1/2-1/2"]
[WhiteElo "2546"]
[BlackElo "2550"]

1.d4 d5 2.c4 c6 3.Nf3 Nf6 4.Nc3 dxc4 5.a4 Bf5 6.e3 e6 7.Bxc4 Bb4 8.O-O Nbd7
9.Nh4 Bg6 10.g3 Qe7 11.Qb3 Bh5 12.Na2 Bd6 13.Qxb7 O-O 14.Qxc6 Rac8 15.Qa6 g5
16.Ng2 e5 17.Nc3 Nb8 18.Qb5 Nc6 19.Be2 Bg6 20.dxe5 Bxe5 21.Bf3 Nb4 22.e4 g4
23.Bd1 Nxe4 24.Nf4 Bxc3 25.bxc3 Nxc3 26.Nxg6 hxg6 27.Qg5 Qxg5 28.Bxg5 Nxd1
29.Rfxd1 f6 30.Be3 Nc2 31.Rac1 Nxe3 32.fxe3 Kf7 33.Rxc8 Rxc8 34.Rd7+ Ke6
35.Rxa7 Rc1+ 36.Kf2 Rc2+ 37.Kg1 Ra2 38.Ra5 Ra1+ 39.Kf2 Ra2+ 40.Kg1 Re2 41.Rb5 Rxe3
42.a5 Re1+ 43.Kf2 Rh1 44.a6 Rxh2+ 45.Ke3 Ra2 46.Rb6+ Ke5 47.Rb5+  1/2-1/2

[Event "60th ch-RUS Higher League"]
[Site "Krasnoyarsk RUS"]
[Date "2007.09.11"]
[Round "8"]
[White "Bocharov,D"]
[Black "Popov,Iv RUS"]
[Result "0-1"]
[WhiteElo "2605"]
[BlackElo "2524"]

1.d4 d5 2.c4 c6 3.Nf3 Nf6 4.Nc3 dxc4 5.a4 Bf5 6.Ne5 Nbd7 7.Nxc4 Nb6 8.Ne5 a5
9.Bg5 h6 10.Bh4 e6 11.e4 Bh7 12.Be2 Be7 13.f3 Nfd7 14.Bf2 Nxe5 15.dxe5 Qxd1+
16.Rxd1 Nd7 17.f4 Bb4 18.Bf3 f6 19.exf6 Nxf6 20.Rd4 g5 21.g3 e5 22.fxe5 Nd7
23.h4 Nxe5 24.Be2 O-O 25.Rd2 Bxc3 26.bxc3 Bxe4 27.O-O Nf3+ 28.Bxf3 Rxf3 29.Rd4 Bd3
30.Rd1 Raf8 31.Rd2 Bf5 32.hxg5 hxg5 33.Rc4 Be6 34.Rc5 Bd5 35.c4 b6 36.Rcxd5 cxd5
37.cxd5 Rb3 38.d6 Rd8 39.d7 Kf7 40.Rd6 Ke7 41.Rxb6 Rxb6 42.Bxb6 Rxd7 43.Bxa5 Rd4
44.Kg2 Rxa4 45.Bc7 g4 46.Kf2 Ra3  0-1

[Event "3rd Geller mem Open A"]
[Site "Odessa UKR"]
[Date "2007.09.15"]
[Round "8"]
[White "Brodsky,M"]
[Black "Zhukova,N"]
[Result "1/2-1/2"]
[WhiteElo "2595"]
[BlackElo "2452"]

1.d4 d5 2.c4 c6 3.Nc3 Nf6 4.Nf3 dxc4 5.a4 Bf5 6.Ne5 e6 7.f3 Bb4 8.e4 Bxe4
9.fxe4 Nxe4 10.Bd2 Qxd4 11.Nxe4 Qxe4+ 12.Qe2 Bxd2+ 13.Kxd2 Qd5+ 14.Kc2 Na6
15.Nxc4 O-O 16.Qe5 Rac8 17.Be2 f6 18.Qe3 b5 19.Rad1 Qf5+ 20.Bd3 Qg4 21.Nd6 Rb8
22.axb5 cxb5 23.Kb1 Nc7 24.Be4 Rb6 25.h3 Qh5 26.Qc3 Na6 27.Bc2 Qc5 28.Qd3 g6
29.Bb3 Nc7 30.Ne4 Qe5 31.Rhe1 f5 32.Nd6 Qf6 33.Rc1 Rd8 34.Rxc7 Rdxd6 35.Qc2 a5
36.Rc8+ Kg7 37.Rc7+ Kh6 38.Qc1+ f4 39.Rf1 Rd4 40.g3 a4 41.Bc2 e5 42.gxf4 exf4
43.Qe1 a3 44.Qc3 b4 45.Qb3 Rbd6 46.Rf7 Qe5 47.Rg1 Rd2 48.Rg4  1/2-1/2

[Event "IRT Salomao Rovedo"]
[Site "Rio de Janeiro BRA"]
[Date "2007.09.15"]
[Round "4"]
[White "Dacal,J"]
[Black "Maia,Marc"]
[Result "0-1"]
[WhiteElo "1899"]
[BlackElo "2140"]

1.d4 d5 2.c4 c6 3.Nf3 Nf6 4.Nc3 dxc4 5.a4 Bf5 6.Nh4 e6 7.Nxf5 exf5 8.e3 Bd6
9.Qc2 g6 10.Bxc4 O-O 11.f3 Qc7 12.b3 Re8 13.Kf2 Nbd7 14.g3 a5 15.Bb2 Nb6
16.Rac1 Qe7 17.Rhe1 Bb4 18.Re2 Rad8 19.Bd3 Nbd5 20.e4 Nxc3 21.Bxc3 Bxc3 22.Qxc3 fxe4
23.fxe4 Ng4+ 24.Kg1 Qd6 25.d5 cxd5 26.Bb5 Rxe4 27.Qxa5 Ne5 28.Qc7 Nf3+ 29.Kg2 Rxe2+
30.Bxe2 Nd4 31.Qxd6 Rxd6 32.Bd1 Nc6 33.Rc5 Kf8 34.b4 b6 35.Rc3 Nxb4 36.Rb3 Na6
37.a5 bxa5 38.Ra3 Ke7 39.Rxa5 Ke6 40.Be2 Nb4 41.Rb5 Nc2 42.Bd3 Ne1+  0-1

[Event "LNA Copa Puma"]
[Site "Argentina ARG"]
[Date "2007.09.22"]
[Round "7"]
[White "Goldwaser,R"]
[Black "Bernal,G"]
[Result "0-1"]
[WhiteElo "2036"]
[BlackElo "2107"]

1.d4 d5 2.c4 c6 3.Nf3 Nf6 4.Nc3 dxc4 5.a4 Bf5 6.e3 e6 7.Bxc4 Bb4 8.O-O Nbd7
9.Qe2 O-O 10.Rd1 Qa5 11.Bd2 Bg4 12.h3 Bh5 13.Rac1 e5 14.Qd3 Bxf3 15.gxf3 exd4
16.Qxd4 Ne5 17.Be2 Rad8 18.Qh4 Nd3 19.Bxd3 Rxd3 20.Be1 Rfd8 21.Rxd3 Rxd3
22.Qc4 Rd8 23.Kf1 Bxc3 24.Bxc3 Qf5 25.Bxf6 Qxf6 26.Qe2 Qh4 27.Kg2 Qxa4 28.Rc4 Qb5
29.Qc2 g6 30.Qc3 Rd1 31.Qc2 Qd5 32.Re4 Qg5+ 33.Rg4 Qd8 34.Qc5 Qd3 35.Qe5 Qf1+
36.Kg3 Rd5 37.Qe8+ Kg7 38.f4 Qg1+ 39.Kf3 Qh1+ 40.Kg3 Rh5 41.h4 Qg1+ 42.Kf3 Qh1+
43.Kg3 Rd5 44.Qe7 h5 45.Rg5 Rd1 46.Qe5+ Kh7 47.Rxh5+ gxh5 48.Qxh5+ Kg8 49.Qg5+ Kf8
50.Qh6+ Ke8 51.Qh8+ Kd7  0-1

[Event "2nd ITT"]
[Site "Villa Martelli ARG"]
[Date "2007.09.24"]
[Round "4"]
[White "Guerrero,Alv"]
[Black "Della Morte,G"]
[Result "1-0"]
[WhiteElo "2137"]
[BlackElo "2345"]

1.d4 d5 2.Nf3 Nf6 3.c4 c6 4.Nc3 dxc4 5.a4 Bf5 6.e3 e6 7.Bxc4 Bb4 8.O-O a5
9.Qe2 O-O 10.e4 Bg6 11.Bg5 Bxc3 12.Bxf6 Qxf6 13.bxc3 Nd7 14.Rab1 Rab8 15.Rb3 b6
16.Qe3 Rfc8 17.Rfb1 h6 18.h3 Rc7 19.Bd3 Qd8 20.Nd2 Ra7 21.R3b2 f6 22.Nc4 Be8
23.e5 f5 24.Nd6 Bg6 25.Qf3 Rc7 26.Bc4 Qe7 27.Qd3 Kh7 28.f4 Rf8 29.Ba2 Bf7
30.Kh2 Bg8 31.g3 Rb8 32.Bc4 Ra7 33.Qf3 Rc7 34.Bd3 g6 35.Nc4 Qf8 36.h4 Qd8
37.Nd6 h5 38.Bc4 Kh6 39.Ba2 Kh7 40.Kh3 Kh6 41.Bc4 Kh7 42.Be2 Kh6 43.Qe3 Kh7
44.Bf3 Kh6 45.Qe2 c5 46.Nb5 Bf7 47.Nxc7 Qxc7 48.Qb5 cxd4 49.cxd4 Rc8 50.Be2 Be8
51.Qb3 Qc6 52.Ba6 Rc7 53.Bb5 Qe4 54.Qxe6 Rc3 55.Qxe8 Rxg3+ 56.Kxg3 Qe3+ 57.Kg2 Qe4+
58.Kg1 Qe3+ 59.Rf2 Qg3+ 60.Kf1 Qh3+ 61.Ke2 Qg4+ 62.Ke3 Qg3+ 63.Rf3  1-0

[Event "Open"]
[Site "Miami USA"]
[Date "2007.09.26"]
[Round "1"]
[White "Mikhalevski,V"]
[Black "Mabe,C"]
[Result "1-0"]
[WhiteElo "2598"]
[BlackElo "2240"]

1.d4 d5 2.c4 c6 3.Nf3 Nf6 4.Nc3 dxc4 5.a4 Bf5 6.Ne5 e6 7.f3 c5 8.dxc5 Nfd7
9.Nxc4 Qh4+ 10.g3 Qxc4 11.e4 Qxc5 12.exf5 Qxf5 13.Nb5 Bb4+ 14.Kf2 O-O 15.g4 Qe5
16.f4 Qf6 17.Nc7 Nc6 18.Nxa8 Qh4+ 19.Kg2 Nf6 20.Nc7 Be1 21.Be3 Nxg4 22.Qxe1  1-0

[Event "Highlands Open A"]
[Site "Zdar nad Sazavou CZE"]
[Date "2007.09.30"]
[Round "9"]
[White "Plasek,Z"]
[Black "Valickova,M"]
[Result "1/2-1/2"]
[WhiteElo "2090"]
[BlackElo "2032"]

1.d4 d5 2.c4 c6 3.Nc3 Nf6 4.Nf3 dxc4 5.a4 Bf5 6.e3 e6 7.Bxc4 Bb4 8.O-O Nbd7
9.Bd2 O-O 10.Ne4 Bxd2 11.Nexd2 c5 12.a5 Rc8 13.h3 Qe7 14.Qa4 Rc7 15.Rfc1 Rfc8
16.Qa3 Ne4 17.Nxe4 Bxe4 18.Nd2 Bc6 19.Bf1 b6 20.Nb3 Bd5 21.Rc3 Qd8 22.dxc5 Nxc5
23.Nxc5 Rxc5 24.Rxc5 Rxc5 25.b4 Rc8 26.axb6 axb6 27.Rc1 Rxc1 28.Qxc1 g6 29.Qc3 Qd6  1/2-1/2

[Event "GM"]
[Site "Corfu GRE"]
[Date "2007.10.04"]
[Round "4"]
[White "Simeonidis,I"]
[Black "Kapnisis,S"]
[Result "0-1"]
[WhiteElo "2268"]
[BlackElo "2411"]

1.d4 d5 2.c4 c6 3.Nf3 Nf6 4.Nc3 dxc4 5.a4 Bf5 6.e3 e6 7.Bxc4 Nbd7 8.O-O Bb4
9.Qb3 Qb6 10.e4 Bg4 11.Ne5 Bxc3 12.Nxd7 Qxb3 13.Nxf6+ gxf6 14.Bxb3 Bxd4 15.a5 a6
16.h3 Be2 17.Re1 Bb5 18.Bc2 O-O-O 19.Ra3 Rhg8 20.Rf3 Rg6 21.Kh2 h5 22.g3 Bc5
23.Be3 Bb4  0-1

[Event "KNSB TCh-NED 2007-8"]
[Site "Netherlands NED"]
[Date "2007.10.06"]
[Round "2"]
[White "Wiersma,E"]
[Black "Hautot,S"]
[Result "1/2-1/2"]
[WhiteElo "2426"]
[BlackElo "2333"]

1.d4 d5 2.c4 c6 3.Nf3 Nf6 4.Nc3 dxc4 5.a4 Bf5 6.Ne5 Nbd7 7.Nxc4 Nb6 8.Ne5 a5
9.Bg5 h6 10.Bh4 e6 11.e4 Bh7 12.f3 Be7 13.Bf2 O-O 14.Qb3 Qc7 15.Be2 Nfd7
16.Nd3 c5 17.Nb5 Qc6 18.dxc5 Nxc5 19.Bxc5 Bxc5 20.Rc1 Nd7 21.Nxc5 Nxc5 22.Qe3 b6
23.O-O f5 24.exf5 exf5 25.Qf4 Qf6 26.Rcd1 Rad8 27.b3 Kh8 28.Bc4  1/2-1/2

[Event "Open"]
[Site "Winterthur SUI"]
[Date "2007.10.08"]
[Round "4"]
[White "Hobuss,U"]
[Black "Lehmann,A"]
[Result "1-0"]
[WhiteElo "2416"]
[BlackElo "2252"]

1.d4 d5 2.c4 c6 3.Nf3 Nf6 4.Nc3 dxc4 5.a4 Bf5 6.e3 e6 7.Bxc4 Bb4 8.O-O Nbd7
9.Qe2 O-O 10.e4 Bg6 11.e5 Nd5 12.Nxd5 cxd5 13.Bd3 Bxd3 14.Qxd3 Be7 15.Bd2 Nb8
16.b4 Nc6 17.Rab1 Rc8 18.Rb3 Qd7 19.b5 Nb8 20.Ng5 Bxg5 21.Bxg5 h6 22.Bxh6 gxh6
23.Qd2 f6 24.Qxh6 Rf7 25.Rg3+ Rg7 26.exf6 Rxg3 27.fxg3 Qf7 28.Rf4  1-0

[Event "GM"]
[Site "Corfu GRE"]
[Date "2007.10.10"]
[Round "9"]
[White "Bronznik,V"]
[Black "Savchenko,S"]
[Result "1/2-1/2"]
[WhiteElo "2382"]
[BlackElo "2604"]

1.d4 d5 2.c4 c6 3.Nf3 Nf6 4.Nc3 dxc4 5.a4 Bf5 6.e3 e6 7.a5 Bd3 8.Bxd3 cxd3
9.Qb3 Qc7 10.e4 Be7 11.Bg5 h6 12.Bh4 O-O 13.O-O Na6 14.Qc4 Rfd8 15.Qxd3 c5
16.Nb5 Qd7 17.Qe2 cxd4 18.Nfxd4 Nc7  1/2-1/2

[Event "ch-ISL Rapid"]
[Site "Reykjavik ISL"]
[Date "2007.10.19"]
[Round "2.2"]
[White "Kristjansson,St"]
[Black "Petursson,G"]
[Result "1-0"]
[WhiteElo "2458"]
[BlackElo "2145"]

1.d4 d5 2.c4 c6 3.Nf3 Nf6 4.Nc3 dxc4 5.a4 Bf5 6.Ne5 Nbd7 7.Nxc4 Qc7 8.g3 e5
9.dxe5 Nxe5 10.Bf4 Nfd7 11.Bg2 f6 12.O-O O-O-O 13.Qc1 g5 14.Nxe5 Nxe5 15.Be3 a5
16.Nb5 cxb5 17.Bb6 Qxc1 18.Raxc1+ Kd7 19.Rfd1+ Bd6 20.Rc7+ Ke8 21.Rxb7 Be7
22.Bxd8 Bxd8 23.axb5 Bc8 24.Rb8 Bd7 25.Bc6 Ke7 26.Bg2 Bf5  1-0

[Event "ch-ISL Rapid"]
[Site "Reykjavik ISL"]
[Date "2007.10.19"]
[Round "3.2"]
[White "Johannesson,I"]
[Black "Thorfinnsson,Br"]
[Result "0-1"]
[WhiteElo "2340"]
[BlackElo "2404"]

1.Nf3 Nf6 2.c4 c6 3.d4 d5 4.Nc3 dxc4 5.a4 Bf5 6.Ne5 Nbd7 7.Nxc4 Nb6 8.Ne5 a5
9.g3 e6 10.Bg2 Nfd7 11.Nxd7 Nxd7 12.O-O Bb4 13.e4 Bg6 14.Qe2 O-O 15.Rd1 Re8
16.Na2 Bf8 17.Be3 Qb8 18.Nc3 f5 19.exf5 Bxf5 20.Ne4 Bxe4 21.Bxe4 Nf6 22.Bc2 Qc7
23.Bf4 Bd6 24.Be5 Bxe5 25.dxe5 Nd5 26.Qe4 g6 27.h4 Qf7 28.Kg2 Rf8 29.f4 Qf5
30.Re1 Nxf4+ 31.gxf4 Qg4+ 32.Kh1 Rxf4 33.Qe2 Qxh4+ 34.Qh2 Qxh2+ 35.Kxh2 Rf2+  0-1

[Event "ch-Euro Blitz"]
[Site "Ajaccio FRA"]
[Date "2007.10.26"]
[Round "32"]
[White "Mikhalevski,V"]
[Black "Fressinet,L"]
[Result "1/2-1/2"]
[WhiteElo "2584"]
[BlackElo "2654"]

1.d4 d5 2.c4 c6 3.Nf3 Nf6 4.Nc3 dxc4 5.a4 Bf5 6.Ne5 Nbd7 7.Nxc4 Nb6 8.Ne5 a5
9.f3 Nfd7 10.Nxd7 Nxd7 11.e4 Bg6 12.Be2 e6 13.O-O Bb4 14.Be3 O-O 15.Qb3 Qe7
16.Na2 Bd6 17.Qxb7 Rab8 18.Qxc6 Rxb2 19.Bb5 Nb8 20.Qc3 Qh4 21.e5 Rc2 22.Qxa5 Be7
23.Qe1 Qh5 24.Rf2 Rcc8 25.Re2 Bg5 26.Qd2 Rc2 27.Qe1 Bxe3+ 28.Rxe3 Nc6 29.Bxc6 Rxc6
30.Rc3 Rb6 31.Re3 Rfb8 32.Nc3 Qg5 33.a5 Rb2 34.Re2 Qf4 35.Qf2 Rxe2 36.Nxe2 Qd2
37.a6 Bd3 38.a7 Ra8 39.Ng3 Qc3 40.Rd1 Rxa7 41.Qe3 Ra3 42.d5 exd5 43.e6 Bc4
44.exf7+ Kxf7 45.Qf4+ Qf6 46.Qc7+ Qe7 47.Qf4+ Qf6 48.Qc7+ Qe7 49.Qf4+ Qf6  1/2-1/2

[Event "22nd GP Open A"]
[Site "Le Touquet FRA"]
[Date "2007.10.29"]
[Round "4"]
[White "Ikonnikov,Vy"]
[Black "Handke,F"]
[Result "1/2-1/2"]
[WhiteElo "2555"]
[BlackElo "2497"]

1.d4 d5 2.Nf3 Nf6 3.c4 c6 4.Nc3 dxc4 5.a4 Bf5 6.e3 e6 7.Bxc4 Bb4 8.O-O O-O
9.Qe2 Nbd7 10.e4 Bg6 11.Bd3 h6 12.Rd1 a6 13.e5 Nd5 14.Nxd5 cxd5 15.Bd2 Bxd3
16.Qxd3 Qa5 17.Qb3 Bxd2 18.Nxd2 b5 19.axb5 Qxb5 20.Qxb5 axb5 21.Kf1 Ra4 22.Rxa4 bxa4
23.Ra1  1/2-1/2

[Event "VIII Int Rapid"]
[Site "El Sauzal ESP"]
[Date "2007.11.03"]
[Round "4"]
[White "Hernando Rodrigo,Jo"]
[Black "Moskalenko,V"]
[Result "1/2-1/2"]
[WhiteElo "2359"]
[BlackElo "2575"]

1.d4 Nf6 2.Nf3 d5 3.c4 c6 4.Nc3 dxc4 5.a4 Bf5 6.e3 e6 7.Bxc4 Bb4 8.O-O Nbd7
9.Na2 Bd6 10.b4 O-O 11.Bb2 Qe7 12.Qb3 Be4 13.Ne5 Bd5 14.f3 Nb6 15.e4 Bxc4
16.Nxc4 Nxc4 17.Qxc4 Nd7 18.Rfd1 Qh4 19.h3 Qf4 20.Nc3 Nf6 21.Ne2 Qh4 22.Bc3 Bc7
23.b5  1/2-1/2

[Event "VIII Int Rapid"]
[Site "El Sauzal ESP"]
[Date "2007.11.03"]
[Round "5"]
[White "Lalic,B"]
[Black "Granados Gomez,M"]
[Result "1-0"]
[WhiteElo "2500"]
[BlackElo "2413"]

1.d4 d5 2.c4 c6 3.Nf3 Nf6 4.Nc3 dxc4 5.a4 Bf5 6.Ne5 Nbd7 7.Nxc4 Nd5 8.Bg5 f6
9.Bh4 e5 10.dxe5 Nc5 11.exf6 Nxf6 12.f3 Qxd1+ 13.Rxd1 Bc2 14.Nd6+ Bxd6 15.Rxd6 Nxa4
16.Nxa4 Bxa4 17.e4 Bb3 18.Kd2 Nd7 19.Kc3 Bf7 20.Be2 Nc5 21.Kb4 Nb3 22.Rhd1 a5+
23.Kc3 O-O 24.Bf2 a4 25.Bb6 a3 26.bxa3 Rxa3 27.Kb2 Ra4 28.Rd8 Rb4 29.Rxf8+ Kxf8
30.Be3 Nc5+ 31.Kc1 Na4 32.Rd8+ Ke7 33.Bg5+ Ke6 34.f4 h5 35.Rf8  1-0

[Event "TCh-BEL 2007-8"]
[Site "Belgium BEL"]
[Date "2007.11.04"]
[Round "3"]
[White "Brunner,N"]
[Black "Lemmers,O"]
[Result "1/2-1/2"]
[WhiteElo "2428"]
[BlackElo "2390"]

1.d4 d5 2.c4 c6 3.Nf3 Nf6 4.Nc3 dxc4 5.a4 Bf5 6.e3 e6 7.Bxc4 Bb4 8.O-O Nbd7
9.Qe2 Bg6 10.Ne5 Nxe5 11.dxe5 Nd7 12.f4 Nb6 13.Rd1 Qh4 14.Bb3 O-O 15.h3 Rad8
16.Bd2 Nd5 17.Nxd5  1/2-1/2

[Event "TCh-BEL 2007-8"]
[Site "Belgium BEL"]
[Date "2007.11.04"]
[Round "3"]
[White "Van der Stricht,G"]
[Black "Wirig,A"]
[Result "1/2-1/2"]
[WhiteElo "2428"]
[BlackElo "2467"]

1.d4 d5 2.c4 c6 3.Nc3 Nf6 4.Nf3 dxc4 5.a4 Bf5 6.Ne5 e6 7.f3 c5 8.e4 Bg6 9.Be3 cxd4
10.Qxd4 Qxd4 11.Bxd4 Nfd7 12.Nxd7 Nxd7 13.Bxc4 Rc8 14.Bb5 a6 15.Bxd7+ Kxd7
16.h4 h5 17.Ke2 f6 18.Rhd1 Ke8 19.a5 Be7 20.Bb6 f5 21.exf5 Bxf5 22.g3 Bc2
23.Rd2 Bb3 24.Kf2 Rf8 25.Kg2 Bb4 26.Re1  1/2-1/2

[Event "ch-IND w"]
[Site "Pune IND"]
[Date "2007.11.13"]
[Round "9"]
[White "Harika,D"]
[Black "Mohota,N"]
[Result "1/2-1/2"]
[WhiteElo "2480"]
[BlackElo "2416"]

1.d4 d5 2.c4 c6 3.Nf3 Nf6 4.Nc3 dxc4 5.a4 Bf5 6.Ne5 Nbd7 7.Nxc4 Nb6 8.e3 Nxc4
9.Bxc4 e6 10.f3 Bb4 11.O-O O-O 12.e4 Bg6 13.Be3 Qe7 14.Qb3 c5 15.d5 exd5
16.Bxd5 Rad8 17.Rfd1 Bxc3 18.bxc3 Nxd5 19.Rxd5 Rxd5 20.Qxd5 b6 21.a5 h6 22.Qb3 Qe5
23.Rd1 c4 24.Qa3 Qxa5 25.Qxa5 bxa5 26.Ra1 f5 27.exf5 Rxf5 28.Ra4 Bf7 29.Bxa7 Rb5
30.h4 h5 31.Bd4 Be6 32.Kf2 Kf7 33.Ke3 g5 34.g3 gxh4 35.gxh4 Ke7 36.Ra1 Bf5
37.Ra4  1/2-1/2

[Event "TCh-BEL 2007-8"]
[Site "Belgium BEL"]
[Date "2007.11.18"]
[Round "4"]
[White "Hammes,M"]
[Black "Diepeveen,V"]
[Result "1-0"]
[WhiteElo "2386"]
[BlackElo "2290"]

1.d4 d5 2.c4 c6 3.Nf3 Nf6 4.Nc3 dxc4 5.a4 Bf5 6.Ne5 e6 7.f3 Bb4 8.Nxc4 Nd5
9.Qd2 c5 10.e4 cxd4 11.Qxd4 Nxc3 12.Qxd8+ Kxd8 13.Bd2 Nd5 14.Rd1 Bxd2+ 15.Rxd2 Bg6
16.exd5 Re8 17.Kf2 e5 18.g3 Na6 19.Na5 e4 20.fxe4 Bxe4 21.Bxa6 bxa6 22.Rc1 Kd7
23.Nb7 Rab8 24.Nc5+ Kd6 25.Nxe4+ Rxe4 26.Rc6+ Ke5 27.Rc7 Kf6 28.b3 Rxb3 29.Rc6+ Ke5
30.d6  1-0

[Event "WYb16"]
[Site "Kemer TUR"]
[Date "2007.11.20"]
[Round "3"]
[White "Kafetzopoulos,A"]
[Black "Janev,T"]
[Result "1/2-1/2"]
[WhiteElo "2033"]
[BlackElo "2265"]

1.d4 d5 2.c4 c6 3.Nc3 Nf6 4.Nf3 dxc4 5.a4 Bf5 6.e3 e6 7.Bxc4 Bb4 8.O-O O-O
9.Qe2 Ne4 10.Nxe4 Bxe4 11.Bd3 Qd5 12.Bxe4 Qxe4 13.Bd2 Na6 14.Qc4 Qd5 15.Rfc1 Bxd2
16.Nxd2 Rac8 17.b4 Nc7 18.Qc5 a6 19.Qb6 e5 20.Rc5 Qd7 21.Qxb7 exd4 22.Rxc6 dxe3
23.fxe3 Qd5  1/2-1/2

[Event "WYg16"]
[Site "Kemer TUR"]
[Date "2007.11.20"]
[Round "3"]
[White "Tsatsalashvili,K"]
[Black "Eric,J"]
[Result "1-0"]
[WhiteElo "2161"]
[BlackElo "2094"]

1.d4 d5 2.c4 c6 3.Nf3 Nf6 4.Nc3 dxc4 5.a4 Bf5 6.Ne5 Nbd7 7.Nxc4 Nb6 8.Ne5 a5
9.e3 e6 10.Bd3 Bxd3 11.Nxd3 Be7 12.O-O O-O 13.Qb3 Nfd5 14.Rd1 Nb4 15.Ne5 Nd7
16.Nxd7 Qxd7 17.e4 Qc7 18.Be3 Bd6 19.g3 Rad8 20.Rac1 Qb8 21.d5 exd5 22.exd5 Rc8
23.Bb6 cxd5 24.Bxa5 Nc6 25.Bb6 d4 26.Bxd4 Nxd4 27.Rxd4 Rc6 28.Rcd1 Be5 29.Rd7 Bxc3
30.bxc3 Rxc3 31.Qb6  1-0

[Event "WYb16"]
[Site "Kemer TUR"]
[Date "2007.11.22"]
[Round "5"]
[White "Jorczik,J"]
[Black "Zhou,H"]
[Result "1/2-1/2"]
[WhiteElo "2362"]
[BlackElo "2096"]

1.d4 d5 2.c4 c6 3.Nc3 Nf6 4.Nf3 dxc4 5.a4 Bf5 6.Ne5 e6 7.f3 Bb4 8.e4 Bxe4
9.fxe4 Nxe4 10.Bd2 Qxd4 11.Nxe4 Qxe4+ 12.Qe2 Bxd2+ 13.Kxd2 Qd5+ 14.Kc2 Na6
15.Nxc4 O-O-O 16.Qf3 Nb4+ 17.Kb3 Qxf3+ 18.gxf3 c5 19.Ne5 Rhf8 20.Rc1 b6 21.Bc4 Kc7
22.Rhg1 g6 23.Rcd1 Nd5 24.Ng4 Nb4 25.Nf6 h5 26.a5 Nc6 27.axb6+ axb6 28.Kc3 Nd4
29.f4 Rh8 30.b4 cxb4+ 31.Kxb4 Nc2+ 32.Kb3 Nd4+ 33.Kc3 Nf5 34.Rxd8 Rxd8 35.Ra1 Kb7
36.Bd3 Nd6 37.Ne4 Ne8 38.Ng5 Nd6 39.Ne4 Kc6 40.Nxd6 Kxd6 41.Ra6 Ke7 42.Rxb6 Kf6
43.Rb7 Re8 44.Bc4 Re7 45.Rxe7 Kxe7 46.Kd4 Kf6 47.Ke4 g5 48.Be2 h4  1/2-1/2

[Event "WYg18"]
[Site "Kemer TUR"]
[Date "2007.11.22"]
[Round "5"]
[White "Ivakhinova,I"]
[Black "Nikolova,E"]
[Result "0-1"]
[WhiteElo "2233"]
[BlackElo "2049"]

1.d4 d5 2.c4 c6 3.Nc3 Nf6 4.Nf3 dxc4 5.a4 Bf5 6.Nh4 Bd7 7.e3 Be6 8.Nf3 g6
9.Ng5 Qd7 10.e4 Bg7 11.f3 Na6 12.Be3 Rd8 13.Ne2 O-O 14.Nf4 Nc7 15.Qc2 Nfe8
16.Rd1 Nd6 17.g4 h6 18.Ngxe6 Nxe6 19.e5 Nxf4 20.Bxf4 Nc8 21.Bxc4 e6 22.Be3 Nb6
23.Bb3 Nd5 24.Bf2 Qe7 25.O-O f5 26.exf6 Qxf6 27.Qe4 Qxf3 28.Bc2 Qxe4 29.Bxe4 Nf4
30.Be3 Ne2+ 31.Kg2 g5 32.Rxf8+ Kxf8 33.Rf1+ Kg8 34.Rd1 Nxd4 35.Bxd4 e5 36.b3 exd4
37.Kf3 Be5 38.h3 Rf8+ 39.Bf5 Kg7 40.Ke4 Bf6 41.Kd3 Re8 42.Be4 Kf7 43.Re1 Be5
44.Bf5 Kf6 45.Re2 Rd8 46.Kc4 b6 47.Re1 d3 48.Rd1 d2 49.b4 Rd4+ 50.Kb3 Bd6
51.Kc3 Ke5 52.b5 Bb4+ 53.Kb3 c5 54.Kc2 Ba5 55.Ra1 Rc4+ 56.Kd1 Kd4 57.Bc2 Rc3  0-1

[Event "WYb18"]
[Site "Kemer TUR"]
[Date "2007.11.22"]
[Round "6"]
[White "Schiendorfer,E"]
[Black "Lehmann,A"]
[Result "1/2-1/2"]
[WhiteElo "2163"]
[BlackElo "2252"]

1.d4 d5 2.c4 c6 3.Nc3 Nf6 4.Nf3 dxc4 5.a4 Bf5 6.Ne5 e6 7.f3 Bb4 8.e4 Bxe4
9.fxe4 Nxe4 10.Bd2 Qxd4 11.Nxe4 Qxe4+ 12.Qe2 Bxd2+ 13.Kxd2 Qd5+ 14.Kc2 Na6
15.Nxc4 O-O-O 16.Qe5 f6 17.Qe3 Kb8 18.Be2 e5 19.g3 Qe6 20.b3 Rd5 21.Kb2 Rhd8
22.Rad1 Nb4 23.Qc3 Qe7 24.Ne3 Rxd1 25.Rxd1 Rxd1 26.Bxd1 g6 27.Nc2 a5 28.Ne3  1/2-1/2